000 00475nam a22001817a 4500
999 _c524014
_d524014
003 NUST
020 _a9789695931349
038 _aWaseem
082 _a891.421
_bQUR
100 _aQureshi, Shafiq
_914838
245 _aWela Rukya Hoya C /
_cShafiq Qureshi
250 _a1st
260 _aLahore :
_bSanjh Publication,
_c2014.
500 _aHard cover.
880 _6100-02\r
_aشفیق قریشی
880 _6245-02\r
_aویلا رکیا ہویا سی
942 _2ddc
_cBK